តុល្យភាពរវាងសត្វល្អិតចង្រៃ និង សត្វល្អិតមានប្រយោជន៍លើដំណាំស្រូវ ស្ថានីយ៍ការពារដំណាំ ស្ទឹងមានជ័យ (Record no. 98)
[ view plain ]
| 000 -LEADER | |
|---|---|
| fixed length control field | 00675nam a22001577a 4500 |
| 003 - CONTROL NUMBER IDENTIFIER | |
| control field | OSt |
| 005 - DATE AND TIME OF LATEST TRANSACTION | |
| control field | 20150906142249.0 |
| 008 - FIXED-LENGTH DATA ELEMENTS--GENERAL INFORMATION | |
| fixed length control field | 150906b xxu||||| |||| 00| 0 eng d |
| 040 ## - CATALOGING SOURCE | |
| Transcribing agency | RUA |
| 082 ## - DEWEY DECIMAL CLASSIFICATION NUMBER | |
| Classification number | AGR អាន 1992 B004 Or.1 |
| 100 ## - MAIN ENTRY--PERSONAL NAME | |
| 9 (RLIN) | 106 |
| Personal name | អាន ពេជ្រហត្ដដា |
| 245 ## - TITLE STATEMENT | |
| Title | តុល្យភាពរវាងសត្វល្អិតចង្រៃ និង សត្វល្អិតមានប្រយោជន៍លើដំណាំស្រូវ ស្ថានីយ៍ការពារដំណាំ ស្ទឹងមានជ័យ |
| 260 ## - PUBLICATION, DISTRIBUTION, ETC. (IMPRINT) | |
| Place of publication, distribution, etc. | Phnom Penh |
| Name of publisher, distributor, etc. | RUA |
| Date of publication, distribution, etc. | 1991 |
| 300 ## - PHYSICAL DESCRIPTION | |
| Extent | 106p. |
| Other physical details | ill. |
| Dimensions | 29cm. |
| 942 ## - ADDED ENTRY ELEMENTS (KOHA) | |
| Source of classification or shelving scheme | |
| Koha item type | AGR |
| Price effective from | Date last seen | Permanent Location | Not for loan | Date acquired | Source of classification or shelving scheme | Koha item type | Lost status | Withdrawn status | Total Renewals | Date last checked out | Total Checkouts | Shelving location | Damaged status | Barcode | Current Location | Full call number |
|---|---|---|---|---|---|---|---|---|---|---|---|---|---|---|---|---|
| 2015-09-06 | 2025-10-27 | Library Block B | 2015-09-06 | AGR | 1 | 2025-09-16 | 3 | B004 | RUA003698 | Library Block B | AGR អាន 1992 B004 Or.1 | |||||
| 2015-09-06 | 2015-09-06 | Library Block B | 2015-09-06 | AGR | B004 | RUA003999 | Library Block B | AGR អាន 1992 B004 Or.2 | ||||||||
| 2015-09-06 | 2016-10-11 | Library Block B | 2015-09-06 | AGR | 2016-10-04 | 1 | B004 | RUA003994 | Library Block B | AGR អាន 1992 B004 Or.3 | ||||||
| 2015-09-06 | 2018-05-08 | Library Block B | 2015-09-06 | AGR | 1 | 2018-05-07 | 3 | B004 | RUA003924 | Library Block B | AGR អាន 1992 B004 Or.4 | |||||
| 2015-09-06 | 2016-11-04 | Library Block B | 2015-09-06 | AGR | 2016-09-22 | 1 | B004 | RUA003630 | Library Block B | AGR អាន 1992 B004 Or.5 | ||||||
| 2015-09-06 | 2019-07-15 | Library Block B | 2015-09-06 | AGR | 2019-07-05 | 3 | B004 | RUA003922 | Library Block B | AGR អាន 1992 B004 Or.6 | ||||||
| 2015-09-06 | 2016-07-26 | Library Block B | 2015-09-06 | AGR | 2016-07-08 | 1 | B004 | RUA003936 | Library Block B | AGR អាន 1992 B004 Or.7 | ||||||
| 2015-09-06 | 2019-07-12 | Library Block B | 2015-09-06 | AGR | 2019-07-03 | 5 | B004 | RUA003702 | Library Block B | AGR អាន 1992 B004 Or.8 |